| 000 | 02593nam a2200493Ia 4500 | ||
|---|---|---|---|
| 001 | dia_4998 | ||
| 003 | CHAP | ||
| 005 | 20250805122919.0 | ||
| 007 | ta | ||
| 008 | 220117s2012 mx ad f 001 0 spa d | ||
| 040 |
_cCHAP _amxchpua |
||
| 090 |
_aT.C.567 _bS26 IA _c2012 |
||
| 245 | 1 | 0 |
_aReporte del viaje de estudios de la materia Introducción a la Agroindustria / _ccoordinador Raúl Santiago Pinelo ; colaboradores Arturo Israel Aragón Martínez...[et al.] |
| 260 |
_aMéxico : _bEl autor, _c2012 |
||
| 300 |
_a345 hojas : _bilustraciones, gráficas, mapas, diagramas, tablas, fotos |
||
| 336 |
_2rdacontent _atexto _btxt |
||
| 337 |
_2rdamedia _ano mediado _bn |
||
| 338 |
_2rdacarrier _avolumen _bnc |
||
| 500 | _a4° año Grupo 5 Directorio: h. 342-345 | ||
| 502 |
_aViaje de estudios _b(IA) -- _cUACh. Departamento de Ingeniería Agroindustrial, _d2012 |
||
| 505 | 0 | 0 | _tEmpresas visitadas: -- 1. Cajeta La Reyna -- 2. Ingenio Quesería, S. A. de C. V. -- 3. FREIXENET, S. A. de C. V. -- 4. Viñedo La Redonda -- 5. Tequilera Corralejo, S. A. de C. V. -- 6. Café Nogueras, S. P. R. de R. L. -- 7. Productos Agropecuarios Tepexpan, S. A. de S. V. -- 8. Purina, S. A. de C. V. -- 9. ALIPEC -- 10. Rastro TIF 412 -- 11. Embutidos Corona, S. A. de C. V. -- 12. Empacadora Bonnacarne -- 13. Cervecería Modelo, S. A. de C. V. -- 14. Sociedad Cooperativa de Trabajadores de Pascual, S. C. L. -- 15. Alimentos deshidratados del Bajío, S. A. de C. V. -- 16. Limones Sicar, S. A. de C. V. -- 17. Congeladora Niño, S. A. de C. V. -- 18. Harinera Queretana, S. A. de C. V. |
| 650 | 1 | 3 |
_aAlimentos deshidratados _9154330 |
| 650 | 1 | 3 |
_aIndustria azucarera _957780 |
| 650 | 1 | 3 |
_aIndustria cervecera _957799 |
| 650 | 1 | 3 |
_aIndustria de los alimentos _9148659 |
| 650 | 1 | 3 |
_aIndustria de productos agrícolas _9151277 |
| 650 | 1 | 3 |
_aProductos lácteos _992124 |
| 650 | 1 | 3 |
_aTequila _9112336 |
| 650 | 1 | 3 |
_aAgriculrural industry _9157281 |
| 650 | 1 | 3 |
_aDairy products _9147027 |
| 650 | 1 | 3 |
_aDried foods _9154331 |
| 650 | 1 | 3 |
_aFood industry _9148657 |
| 650 | 1 | 3 |
_aSugar industry _9151278 |
| 650 | 1 | 3 |
_aBrewing industry _9151423 |
| 700 | 1 |
_aAragón Martínez, Arturo Israel _9134387 _ecolaborador |
|
| 700 | 1 |
_aSantiago Pinelo, Raúl _9102378 _ecoordinador |
|
| 856 | 4 | 1 |
_uhttp://10.13.5.2/ve/TC567_IA/TC567_IA_2012-REPORTE.pdf _yDESCARGAR REPORTE |
| 901 | _aT.C.567 S26 IA 2012 | ||
| 902 | _aM | ||
| 905 | _a5232272012 mx amn 8213223322spa16 | ||
| 942 | _2local | ||
| 942 | _cVE | ||
| 999 |
_c175818 _d175818 |
||